Loading...
| Science - Biology | 2 | 1 | 1 | 0 | 35 | 28 | 57.33 | 1 | 2 |
| Science - Chemistry | 0 | 2 | 0 | 0 | 20 | 125 | 130.50 | 0 | 0 |
| Religion | 0 | 2 | 0 | 0 | 20 | 86 | 97.00 | 1 | 2 |
| History - American History | 0 | 2 | 0 | 0 | 20 | 90 | 109.50 | 0 | 0 |
| Social Science | 0 | 2 | 0 | 0 | 20 | 101 | 119.00 | 0 | 1 |
| Science - Other Science | 0 | 2 | 1 | 1 | 15 | 88 | 111.50 | 0 | 0 |
| Other Academic | 1 | 0 | 0 | 0 | 15 | 26 | 26.00 | 0 | 1 |
| Philosophy | 0 | 1 | 0 | 0 | 10 | 85 | 85.00 | 0 | 1 |
| Current Events | 0 | 1 | 0 | 0 | 10 | 78 | 78.00 | 0 | 1 |
| Fine Arts - Auditory Fine Arts | 0 | 1 | 0 | 0 | 10 | 156 | 156.00 | 0 | 0 |
| Fine Arts - Visual Fine Arts | 0 | 1 | 0 | 0 | 10 | 147 | 147.00 | 0 | 0 |
| History - European History | 0 | 1 | 0 | 0 | 10 | 71 | 71.00 | 0 | 1 |
| Literature - American Literature | 0 | 1 | 0 | 0 | 10 | 154 | 154.00 | 0 | 0 |
| Literature - World Literature | 0 | 1 | 0 | 0 | 10 | 152 | 152.00 | 0 | 1 |
| Mythology | 0 | 1 | 0 | 0 | 10 | 118 | 118.00 | 0 | 0 |
| History - Ancient History | 0 | 1 | 1 | 1 | 5 | 144 | 144.00 | 0 | 0 |
| Literature - European Literature | 0 | 0 | 0 | 0 | 0 | 0.00 | 0 | 0 | |
| Literature - British Literature | 0 | 0 | 0 | 0 | 0 | 0.00 | 0 | 0 | |
| Science - Physics | 0 | 0 | 0 | 0 | 0 | 0.00 | 0 | 0 | |
| History - World History | 0 | 0 | 1 | 0 | -5 | 0.00 | 0 | 0 | |
| Geography | 0 | 0 | 1 | 0 | -5 | 0.00 | 0 | 0 |